| 000 | 00629nam a22002297a 4500 | ||
|---|---|---|---|
| 003 | OSt | ||
| 005 | 20220519050326.0 | ||
| 008 | 160215b xxu||||| |||| 00| 0 eng d | ||
| 020 | _a1405824042 | ||
| 040 |
_aMMU _beng _cMMU _dMMU |
||
| 050 |
_aKD 1629.3 _b.K44 2006 |
||
| 100 | _aKeenan, Denis | ||
| 245 |
_aSmith &Keenan's Law for Business / _cDenis Keenan. |
||
| 250 | _a13th ed. | ||
| 260 |
_aLondon : _bPearson, _c 2006. |
||
| 300 | _axli, 682 p. : | ||
| 500 | _aIncludes index | ||
| 500 | _aIncludes index | ||
| 650 | _aLaw for Business | ||
| 942 |
_2lcc _cLOAN LOAN _e13th ed. |
||
| 980 | _a^d20131028 11:50:55^oanne | ||
| 999 |
_c14563 _d14563 |
||